000 00606nam a2200229Ia 4500
003 OSt
005 20220928135036.0
006 a|||||r|||| 00| 0
007 ta
008 220927b |||||||| |||| 00| 0 eng d
024 _a558
037 _cTextual
040 _aSDCL
_cSDCL
_beng
041 _2eng
_aeng
082 _aX.2'N9, N3
100 _aDutt Ruddar Ed.
_9489279
245 0 _aBhartiya arthvyavasha
_b Pramukh chunaotiyan
260 _c1993
700 _a Dutt Raj Ed.
_9489280
942 _hX.2'N9, N3
_cTEXL
_2CC
999 _c804525
_d804525